| 000 | 00496nam a2200169Ia 4500 | ||
|---|---|---|---|
| 008 | 220216s9999 xx 000 0 und d | ||
| 100 | _aJacob J L | ||
| 245 | 0 | _aSome characteristics of the lutoids in Hevea brasiliensis latex | |
| 260 | _bProceedings of the International Rubber Conference, Kuala Lumpur. V.2, 1975; p470-483 | ||
| 650 | _aHevea brasiliensis | ||
| 650 | _aHevea latex | ||
| 650 | _aLutoids | ||
| 700 | _aDupont J | ||
| 700 | _aLance C | ||
| 700 | _aMoreau F | ||
| 942 | _cJS | ||
| 999 |
_c68946 _d68946 |
||